000 00347nam a2200133Ia 4500
008 240624s9999 xx 000 0 und d
041 _aeng
082 _a306.43 TOM
100 _aTOMLINSON MICHAEL
245 _aEDUCATION WORK AND IDENTITY THEMES AND P
260 _aLondon
_bBloomsbury
300 _avii, 229 pages ; , 24 cm
365 _cBPS
_b38
999 _c29252
_d29252